[Event "M.Chigorin Memorial 2017 "]
[Site "?????-?????????"]
[Date "2017.10.22"]
[Round "2"]
[Board "64"]
[White "Vastrukhin, Oleg"]
[Black "Vunder, Andrey"]
[Result "1-0"]
[WhiteElo "2386"]
[BlackElo "2161"]
[PlyCount "95"]
[EventDate "2017.10.21"]
[EventRounds "9"]
[EventCountry "RUS"]

1. Nf3 d5 2. g3 Nf6 3. Bg2 c6 4. O-O Bg4 5. Ne5 Bh5 6. d4 Nbd7 7. c4 e6 8. Nc3
Nxe5 9. dxe5 Nd7 10. cxd5 cxd5 11. Qa4 a6 12. Rd1 Be7 13. h4 O-O 14. g4 Nc5 15.
Qd4 Bg6 16. h5 Be4 17. Bxe4 Nxe4 18. Nxe4 dxe4 19. Be3 Qxd4 20. Rxd4 Rac8 21.
Rd7 Bc5 22. Rxb7 Bxe3 23. fxe3 Rc5 24. Rf1 Rxe5 25. Rf4 f5 26. b4 Rb5 27. Ra7
Rb6 28. a3 g6 29. h6 Rf7 30. Ra8+ Rf8 31. Rxf8+ Kxf8 32. Rf1 a5 33. bxa5 Ra6
34. g5 Rxa5 35. Rb1 Ra8 36. Rb7 Kg8 37. Kf2 e5 38. a4 Rxa4 39. Rb8+ Kf7 40. Rh8
f4 41. Rxh7+ Ke6 42. Rg7 fxe3+ 43. Kg2 Ra2 44. h7 Rxe2+ 45. Kg3 Rh2 46. Kxh2 e2
47. h8=Q e1=Q 48. Qc8+  1-0

[Event "M.Chigorin Memorial 2017 "]
[Site "?????-?????????"]
[Date "2017.10.22"]
[Round "2"]
[Board "65"]
[White "Ovod, Evgenija"]
[Black "Garanin, Aleksei"]
[Result "1/2-1/2"]
[WhiteElo "2379"]
[BlackElo "2145"]
[PlyCount "88"]
[EventDate "2017.10.21"]
[EventRounds "9"]
[EventCountry "RUS"]

1. d4 Nf6 2. Bg5 d5 3. e3 c5 4. Bxf6 gxf6 5. dxc5 e6 6. c4 dxc4 7. Nd2 c3 8.
bxc3 Bxc5 9. Ngf3 Nc6 10. Be2 Qc7 11. O-O O-O 12. Qa4 f5 13. Qh4 Qe7 14. Qh6
Rd8 15. e4 Qf8 16. Qh5 Qg7 17. exf5 exf5 18. Nb3 Be7 19. Nfd4 Qg6 20. Qf3 Be6
21. Qe3 Bd5 22. Bf3 Bg5 23. Qe2 Be4 24. Bxe4 fxe4 25. f4 Nxd4 26. cxd4 Bf6 27.
f5 Qg7 28. Rad1 a5 29. Rf4 Kh8 30. Qxe4 a4 31. Nc5 b6 32. Nd7 Re8 33. Qc6 Bg5
34. Re4 Rac8 35. Rxe8+ Rxe8 36. Nxb6 Be3+ 37. Kh1 Rd8 38. d5 Rg8 39. g3 Qg4 40.
Qc3+ Rg7 41. Qc8+ Rg8 42. Qc3+ Rg7 43. Qc8+ Rg8 44. Qc3+ Rg7  1/2-1/2

[Event "M.Chigorin Memorial 2017 "]
[Site "?????-?????????"]
[Date "2017.10.22"]
[Round "2"]
[Board "66"]
[White "Scheglov, Dmitry"]
[Black "Nikitenko, Mihail"]
[Result "1-0"]
[WhiteElo "2155"]
[BlackElo "2376"]
[PlyCount "73"]
[EventDate "2017.10.21"]
[EventRounds "9"]
[EventCountry "RUS"]

1. e4 d6 2. d4 g6 3. Nc3 Bg7 4. Be3 c6 5. Qd2 b5 6. g3 Nf6 7. f3 Nbd7 8. Nh3
Nb6 9. Nf2 Nc4 10. Bxc4 bxc4 11. O-O-O Rb8 12. Rde1 O-O 13. Nfd1 Qa5 14. Bh6 e5
15. Bxg7 Kxg7 16. g4 Be6 17. h4 h5 18. g5 Ng8 19. f4 Bg4 20. Ne3 Qb4 21. Nxg4
Qxb2+ 22. Kd1 hxg4 23. h5 Qb6 24. hxg6 Qxd4 25. gxf7 Rxf7 26. f5 Rd7 27. Qxd4
exd4 28. Ne2 Rb1+ 29. Kd2 Rxe1 30. Rxe1 Kf8 31. Nxd4 Rh7 32. Rg1 Rh4 33. Nxc6
g3 34. Ke3 Rg4 35. Nd4 a5 36. Ne6+ Ke8 37. Nc7+  1-0

[Event "M.Chigorin Memorial 2017 "]
[Site "?????-?????????"]
[Date "2017.10.22"]
[Round "2"]
[Board "67"]
[White "Lagashin, Pavel"]
[Black "Chekletsov, Ilya"]
[Result "1/2-1/2"]
[WhiteElo "2138"]
[BlackElo "2372"]
[PlyCount "66"]
[EventDate "2017.10.21"]
[EventRounds "9"]
[EventCountry "RUS"]

1. c4 e6 2. Nc3 b6 3. e4 Bb7 4. Bd3 c5 5. Nf3 Nc6 6. O-O Be7 7. e5 d5 8. cxd5
exd5 9. b3 d4 10. Ne4 Nb4 11. Bb5+ Kf8 12. a3 Bxe4 13. axb4 cxb4 14. Bb2 Bc5
15. Re1 Bb7 16. e6 fxe6 17. Rxe6 Nf6 18. Qe2 a6 19. Bxa6 Rxa6 20. Rxa6 d3 21.
Qe1 Bxa6 22. Qa1 Bc8 23. Rxf6+ gxf6 24. Bxf6 Bd4 25. Bxd4 Rg8 26. Qa7 Qd5 27.
Be5 Rxg2+ 28. Kxg2 Bb7 29. Qb8+ Kf7 30. Qc7+ Ke8 31. Qb8+ Kf7 32. Qc7+ Ke8 33.
Qb8+ Kf7  1/2-1/2

[Event "M.Chigorin Memorial 2017 "]
[Site "?????-?????????"]
[Date "2017.10.22"]
[Round "2"]
[Board "68"]
[White "Palachev, Petr"]
[Black "Shirshov, Nikolay"]
[Result "1-0"]
[WhiteElo "2372"]
[BlackElo "2134"]
[PlyCount "181"]
[EventDate "2017.10.21"]
[EventRounds "9"]
[EventCountry "RUS"]

1. d4 Nf6 2. Nf3 e6 3. c4 b6 4. g3 Ba6 5. b3 Bb4+ 6. Bd2 Be7 7. Nc3 d5 8. Bg2
O-O 9. cxd5 exd5 10. O-O Re8 11. a3 c5 12. dxc5 bxc5 13. Ne5 Bf8 14. Nc4 Ne4
15. Nxe4 dxe4 16. Qc2 f5 17. f3 Nc6 18. fxe4 fxe4 19. e3 Bb7 20. Bc3 Ne7 21.
Na5 Bd5 22. Rad1 Qb6 23. Bxe4 Bxe4 24. Qxe4 Ng6 25. Qd5+ Kh8 26. Nc6 Rac8 27.
Qd7 Qc7 28. Nxa7 Rxe3 29. Qxc7 Rxc7 30. Rd8 Kg8 31. Nb5 Rb7 32. Kf2 Rxb5 33.
Kxe3 Rxb3 34. Kd3 Rxa3 35. h4 h5 36. g4 hxg4 37. h5 Ne5+ 38. Kc2 Nf3 39. Rb1
Ra7 40. Be1 Kf7 41. Bg3 Be7 42. Rc8 Nd4+ 43. Kd1 Ra3 44. Be5 Rd3+ 45. Kc1 Bg5+
46. Kb2 Nf3 47. Rc7+ Ke6 48. Bxg7 Be3 49. h6 Rd2+ 50. Ka3 Rh2 51. Bf8 Kd5 52.
Rd7+ Kc4 53. Rg7 Nd4 54. Rxg4 Bxh6 55. Bxh6 Rxh6 56. Rc1+ Kb5 57. Rg5 Rh3+ 58.
Ka2 Rh2+ 59. Kb1 Nb3 60. Rc2 Rh3 61. Kb2 Kb4 62. Rg8 c4 63. Rb8+ Kc5 64. Rc8+
Kb5 65. R2xc4 Na5 66. Rc2 Ka4 67. Rb8 Rh5 68. Rg2 Rh4 69. Ka2 Nc4 70. Rc2 Rg4
71. Re2 Rh4 72. Kb1 Rg4 73. Kc2 Na3+ 74. Kd3 Rg3+ 75. Re3 Rxe3+ 76. Kxe3 Nb5
77. Ke4 Nc7 78. Kd4 Ka5 79. Rb7 Ne6+ 80. Kd5 Nf4+ 81. Kc4 Ka6 82. Rf7 Ne2 83.
Rf2 Ng3 84. Kd3 Nh5 85. Rf7 Ng3 86. Ke3 Kb6 87. Rf3 Nh5 88. Ke4 Kc7 89. Ke5 Kd7
90. Rh3 Ng7 91. Rh7  1-0

[Event "M.Chigorin Memorial 2017 "]
[Site "?????-?????????"]
[Date "2017.10.22"]
[Round "2"]
[Board "69"]
[White "Bondarenko, Ivan"]
[Black "Ekdyshman, Mikhail"]
[Result "1-0"]
[WhiteElo "2131"]
[BlackElo "2366"]
[PlyCount "161"]
[EventDate "2017.10.21"]
[EventRounds "9"]
[EventCountry "RUS"]

1. d4 Nf6 2. c4 e6 3. Nc3 Bb4 4. Qc2 b6 5. a3 Bxc3+ 6. Qxc3 Bb7 7. Bg5 h6 8.
Bh4 d6 9. e3 Nbd7 10. Ne2 Qe7 11. Qc2 g5 12. Bg3 h5 13. h3 h4 14. Bh2 g4 15.
Bg1 e5 16. d5 c5 17. hxg4 Nxg4 18. f3 Ngf6 19. Ng3 Ng8 20. Nf5 Qf6 21. Bf2 Ne7
22. Rxh4 Rxh4 23. Nxh4 O-O-O 24. O-O-O Rh8 25. g3 Kc7 26. e4 Nf8 27. Bg2 Nfg6
28. Nxg6 Qxg6 29. Kb1 Rh2 30. Rg1 Qh6 31. Qc1 Qg6 32. Qc2 Qh6 33. g4 Qf4 34.
Qc1 Ng6 35. Qe1 Qf6 36. Bg3 Rh8 37. Rh1 Rxh1 38. Qxh1 Ba6 39. b3 Bc8 40. Qe1
Ba6 41. Qd2 Nf4 42. Bf1 Qh6 43. Qh2 Qxh2 44. Bxh2 f6 45. Kc1 Ng6 46. Bg3 Bc8
47. Kd2 Kd7 48. Ke3 Ke7 49. Be1 a5 50. Kf2 Bd7 51. Bd2 a4 52. b4 cxb4 53. Bxb4
Bc8 54. Bd2 Kd7 55. Be1 Ba6 56. Ke3 Kc7 57. Kd2 Bc8 58. Kc3 Bd7 59. Kb4 Kd8 60.
Bf2 Kc7 61. Bd3 Nf4 62. Bf1 Ng6 63. Be3 Nf8 64. Bh6 Nh7 65. Bg7 Kd8 66. Be2 Ke7
67. Bd1 Ng5 68. Bh6 Kd8 69. Bf8 Kc7 70. Bg7 Nh7 71. Bxa4 Bxa4 72. Kxa4 Ng5 73.
Bxf6 Nxf3 74. g5 Nh4 75. Kb5 Ng6 76. a4 Nf8 77. a5 bxa5 78. Kxa5 Kd7 79. Kb6
Ng6 80. c5 dxc5 81. Kxc5  1-0

[Event "M.Chigorin Memorial 2017 "]
[Site "?????-?????????"]
[Date "2017.10.22"]
[Round "2"]
[Board "70"]
[White "Guliev, Gasan"]
[Black "Bashirli, Nail"]
[Result "0-1"]
[WhiteElo "2123"]
[BlackElo "2363"]
[PlyCount "50"]
[EventDate "2017.10.21"]
[EventRounds "9"]
[EventCountry "RUS"]

1. d4 Nf6 2. c4 e6 3. g3 Bb4+ 4. Nd2 O-O 5. Bg2 c5 6. a3 Bxd2+ 7. Qxd2 cxd4 8.
Nf3 Nc6 9. O-O e5 10. e3 dxe3 11. fxe3 d6 12. b3 Ne4 13. Qc2 f5 14. Nh4 Be6 15.
Nxf5 Bxf5 16. Bxe4 Bxe4 17. Rxf8+ Qxf8 18. Qxe4 Qf6 19. Bb2 Rf8 20. Qd5+ Kh8
21. Qd2 Na5 22. Qc3 Qf2+ 23. Kh1 Qe2 24. Qe1 Qxb2 25. Rb1 Qc2  0-1

[Event "M.Chigorin Memorial 2017 "]
[Site "?????-?????????"]
[Date "2017.10.22"]
[Round "2"]
[Board "71"]
[White "Karpenko, Artem"]
[Black "Zakirov, Rafael"]
[Result "1-0"]
[WhiteElo "2362"]
[BlackElo "2120"]
[PlyCount "79"]
[EventDate "2017.10.21"]
[EventRounds "9"]
[EventCountry "RUS"]

1. d4 Nf6 2. c4 g6 3. Nc3 Bg7 4. e4 O-O 5. f3 c5 6. d5 d6 7. Nge2 e6 8. Ng3
exd5 9. cxd5 Na6 10. Bd3 Nb4 11. Bb1 Rb8 12. a3 Na6 13. a4 Nb4 14. O-O a6 15.
a5 b6 16. axb6 Qxb6 17. Re1 Bd7 18. Nf1 Bb5 19. Ne3 Nd7 20. f4 Rfe8 21. Kh1 c4
22. Ng4 h5 23. Be3 Nc5 24. Nf2 Qc7 25. Ra3 Bxc3 26. Rxc3 Na4 27. Rc1 Qd7 28.
Bd4 Nc5 29. Bc3 Nbd3 30. Bxd3 Nxd3 31. Nxd3 cxd3 32. f5 Rbc8 33. Qd2 Kh7 34.
Qf4 Qe7 35. f6 Qf8 36. Rcd1 Rc4 37. Rxd3 Rcxe4 38. Rxe4 Bxd3 39. Re7 Bf5 40.
Qxd6  1-0

[Event "M.Chigorin Memorial 2017 "]
[Site "?????-?????????"]
[Date "2017.10.22"]
[Round "2"]
[Board "72"]
[White "Huseynov, Murad"]
[Black "Tsoi, Dmitry"]
[Result "1/2-1/2"]
[WhiteElo "2076"]
[BlackElo "2361"]
[PlyCount "202"]
[EventDate "2017.10.21"]
[EventRounds "9"]
[EventCountry "RUS"]

1. d4 Nf6 2. Nf3 e6 3. Bg5 c5 4. e3 Qb6 5. Qc1 Ne4 6. Bf4 Nc6 7. c3 Be7 8. h3
O-O 9. Nbd2 f5 10. Be2 a6 11. O-O Qa7 12. Nxe4 fxe4 13. Ne5 Nxe5 14. Bxe5 b5
15. f3 Bb7 16. fxe4 Bxe4 17. Qd2 Qb7 18. Bd3 c4 19. Bc2 Rf5 20. Rf4 Rxf4 21.
Bxf4 a5 22. a3 Ra6 23. Qe2 Rb6 24. Bxe4 Qxe4 25. Qh5 g6 26. Qh6 Qf5 27. Rf1 Qf8
28. Qxf8+ Bxf8 29. e4 b4 30. Bc7 Ra6 31. axb4 axb4 32. cxb4 Bxb4 33. d5 Bc5+
34. Kh2 Bd4 35. Rc1 Ra4 36. dxe6 dxe6 37. Rc2 h5 38. Bf4 h4 39. Bd2 Be5+ 40.
Kg1 Ra1+ 41. Kf2 Bg3+ 42. Ke3 Rg1 43. Bb4 Be5 44. Bc3 Bxc3 45. bxc3 e5 46. Kf3
Re1 47. Rb2 Rc1 48. Kg4 Rxc3 49. Rb5 Rg3+ 50. Kxh4 Rxg2 51. Rc5 Kg7 52. Rxc4
Kh6 53. Rc6 Rf2 54. Rc4 Rf4+ 55. Kg3 Kg5 56. Ra4 Kf6 57. Ra6+ Kg7 58. Ra7+ Kh6
59. Ra4 Kh5 60. Rb4 g5 61. Ra4 Rf1 62. Ra5 Rg1+ 63. Kh2 Rb1 64. Rxe5 Kh4 65.
Rf5 Rb2+ 66. Kg1 Rb3 67. Kg2 Rg3+ 68. Kf2 Rxh3 69. e5 Rh2+ 70. Kf1 Rh1+ 71. Kf2
Kg4 72. Rf6 Rh2+ 73. Kf1 Kg3 74. Rb6 Rh1+ 75. Ke2 g4 76. Rg6 Rh5 77. e6 Re5+
78. Kf1 Rf5+ 79. Kg1 Rf4 80. Rh6 Kf3 81. e7 Re4 82. Rf6+ Kg3 83. Rf2 Re1+ 84.
Rf1 Rxe7 85. Ra1 Re3 86. Rb1 Ra3 87. Rc1 Kh3 88. Rb1 Rg3+ 89. Kh1 Rd3 90. Kg1
Kg3 91. Ra1 Kh3 92. Rb1 g3 93. Ra1 Rd2 94. Rb1 Rh2 95. Ra1 Rg2+ 96. Kh1 Re2 97.
Kg1 Kg4 98. Ra3 Kf4 99. Rb3 Kg4 100. Ra3 Rf2 101. Rb3 Rf3  1/2-1/2

[Event "M.Chigorin Memorial 2017 "]
[Site "?????-?????????"]
[Date "2017.10.22"]
[Round "2"]
[Board "73"]
[White "Shubin, Kirill"]
[Black "Emanuel, Yahav"]
[Result "0-1"]
[WhiteElo "2359"]
[BlackElo "2088"]
[PlyCount "78"]
[EventDate "2017.10.21"]
[EventRounds "9"]
[EventCountry "RUS"]

1. e4 e5 2. Nf3 Nc6 3. Bb5 a6 4. Ba4 Nf6 5. O-O Be7 6. Re1 b5 7. Bb3 d6 8. c3
O-O 9. h3 Nb8 10. d4 Nbd7 11. Nbd2 Bb7 12. Bc2 Re8 13. Nf1 Bf8 14. Ng3 g6 15.
b3 c5 16. d5 Bg7 17. a4 Nb6 18. Be3 Qd7 19. a5 Nc8 20. Qd2 Ne7 21. Bh6 Rf8 22.
c4 b4 23. Qg5 Rae8 24. Nh4 Bxh6 25. Qxh6 Kh8 26. Ngf5 Nxf5 27. exf5 Ng8 28. Qe3
Qe7 29. g3 Kg7 30. Nf3 Bc8 31. g4 gxf5 32. gxf5 Nh6 33. Kh2 Nxf5 34. Qe4 Kh8
35. Rg1 Rg8 36. h4 f6 37. Rxg8+ Rxg8 38. Rg1 Nh6 39. Rxg8+ Kxg8  0-1

[Event "M.Chigorin Memorial 2017 "]
[Site "?????-?????????"]
[Date "2017.10.22"]
[Round "2"]
[Board "74"]
[White "Zavgorodniaya, Alena"]
[Black "Baltabaev, Temirlan"]
[Result "0-1"]
[WhiteElo "2039"]
[BlackElo "2353"]
[PlyCount "78"]
[EventDate "2017.10.21"]
[EventRounds "9"]
[EventCountry "RUS"]

1. e4 e5 2. Nf3 Nc6 3. Bb5 a6 4. Ba4 Nf6 5. O-O b5 6. Bb3 Bb7 7. c3 Nxe4 8. Re1
Nc5 9. Nxe5 Nxe5 10. Rxe5+ Be7 11. Bc2 d6 12. Re1 O-O 13. d4 Nd7 14. Qd3 g6 15.
Bh6 Re8 16. Nd2 Bf8 17. Bxf8 Nxf8 18. Ne4 f5 19. Ng3 Qg5 20. Bb3+ Kg7 21. a4
Bc6 22. d5 Rxe1+ 23. Rxe1 Re8 24. Rf1 Bd7 25. axb5 Bxb5 26. c4 Bd7 27. f4 Qf6
28. Qd2 Rb8 29. Rf3 a5 30. Rc3 Be8 31. Ne2 Nd7 32. Nd4 Nc5 33. Ne6+ Nxe6 34.
dxe6 a4 35. c5 Rxb3 36. cxd6 cxd6 37. Rxb3 axb3 38. Qxd6 Bf7 39. exf7 Qxd6  0-1

[Event "M.Chigorin Memorial 2017 "]
[Site "?????-?????????"]
[Date "2017.10.22"]
[Round "2"]
[Board "75"]
[White "Pavlov, Mikhail"]
[Black "Suleymanli, Aydin"]
[Result "1/2-1/2"]
[WhiteElo "1849"]
[BlackElo "2353"]
[PlyCount "80"]
[EventDate "2017.10.21"]
[EventRounds "9"]
[EventCountry "RUS"]

1. e4 e6 2. d4 d5 3. e5 c5 4. c3 Nc6 5. Be3 Nge7 6. Qd2 Nf5 7. Nf3 cxd4 8. cxd4
Bd7 9. Nc3 Rc8 10. Bd3 Bb4 11. O-O Na5 12. Rac1 a6 13. Qe2 Bxc3 14. Rxc3 Rxc3
15. bxc3 Qc7 16. g4 Ne7 17. Rb1 h6 18. Qc2 f5 19. gxf5 Nxf5 20. Bxf5 exf5 21.
Nh4 Qc6 22. Kh1 Qe6 23. f4 O-O 24. Rg1 Be8 25. Qg2 Rf7 26. Qh3 Rf8 27. Qg2 Rf7
28. Qh3 Qc8 29. Rg6 Rf8 30. Rg1 Bh5 31. Qg2 Rf7 32. Qxd5 Qc6 33. Qxc6 bxc6 34.
Rb1 Nc4 35. Bc1 Kh7 36. Rb4 Be2 37. Kg2 Bd3 38. Kf2 a5 39. Rb8 Re7 40. Rf8 Rb7
 1/2-1/2

[Event "M.Chigorin Memorial 2017 "]
[Site "?????-?????????"]
[Date "2017.10.22"]
[Round "2"]
[Board "76"]
[White "Naboka, Sergey"]
[Black "Vorobyova, Valeriya"]
[Result "1-0"]
[WhiteElo "2351"]
[BlackElo "1945"]
[PlyCount "105"]
[EventDate "2017.10.21"]
[EventRounds "9"]
[EventCountry "RUS"]

1. e4 c5 2. Nf3 d6 3. d4 cxd4 4. Nxd4 Nf6 5. f3 Nc6 6. c4 g6 7. Nc3 Bg7 8. Be3
O-O 9. Qd2 Nxd4 10. Bxd4 Be6 11. Be2 Nd7 12. Bxg7 Kxg7 13. O-O Kg8 14. Kh1 Rc8
15. b3 Nc5 16. f4 Bd7 17. Rad1 Bc6 18. Bf3 Qc7 19. Qe3 b6 20. e5 dxe5 21. fxe5
Rcd8 22. Nd5 Bxd5 23. cxd5 f6 24. b4 Na6 25. d6 exd6 26. exf6 Rde8 27. Qa3 Nb8
28. Qd3 Rxf6 29. Bd5+ Kg7 30. Rxf6 Kxf6 31. Rf1+ Ke7 32. h3 Kd8 33. Qd2 Qe7 34.
Qc3 Qe5 35. Qb3 Qe3 36. Qa4 Qe2 37. Rg1 Qa6 38. Qb3 Nd7 39. Bc6 Qc8 40. Qd5 Qc7
41. Rc1 Ne5 42. b5 Rf8 43. Rd1 Ke7 44. Qd4 Rf6 45. Qh4 h6 46. Qxh6 Nxc6 47.
bxc6 d5 48. Qg7+ Rf7 49. Re1+ Kd6 50. Qe5+ Kc5 51. Rc1+ Kb5 52. Qxd5+ Ka6 53.
Qxf7  1-0

[Event "M.Chigorin Memorial 2017 "]
[Site "?????-?????????"]
[Date "2017.10.22"]
[Round "2"]
[Board "77"]
[White "Lesovoi, Evgenij"]
[Black "Razumovskiy, Mikhail"]
[Result "1-0"]
[WhiteElo "2351"]
[BlackElo "1908"]
[PlyCount "49"]
[EventDate "2017.10.21"]
[EventRounds "9"]
[EventCountry "RUS"]

1. d4 d5 2. c4 c6 3. Nf3 Nf6 4. e3 a6 5. Bd3 b5 6. b3 Bg4 7. Nbd2 e6 8. O-O Be7
9. Qc2 Nbd7 10. Bb2 O-O 11. Ne5 Nxe5 12. dxe5 dxc4 13. bxc4 Nd7 14. Bxh7+ Kh8
15. Be4 Nc5 16. Bxc6 Rc8 17. cxb5 Be2 18. Rfe1 Bd3 19. Qd1 axb5 20. Bf3 Bc2 21.
Qxc2 Nd3 22. Qd1 Bb4 23. Be4 g6 24. Bxd3 Qxd3 25. Nf3  1-0

[Event "M.Chigorin Memorial 2017 "]
[Site "?????-?????????"]
[Date "2017.10.22"]
[Round "2"]
[Board "78"]
[White "Aga, Rihard"]
[Black "Nesterov, Arseniy"]
[Result "0-1"]
[WhiteElo "1842"]
[BlackElo "2350"]
[PlyCount "86"]
[EventDate "2017.10.21"]
[EventRounds "9"]
[EventCountry "RUS"]

1. d4 e6 2. c4 Nf6 3. Nf3 Bb4+ 4. Bd2 Qe7 5. Bxb4 Qxb4+ 6. Qd2 Qxc4 7. e3 Qc6
8. Na3 Ne4 9. Qd3 d5 10. Qb3 O-O 11. Bd3 Nf6 12. O-O a6 13. Rac1 Qd6 14. Ne5 c6
15. Qc2 g6 16. f4 Ne8 17. Rf3 f5 18. g4 Nd7 19. Rh3 Nxe5 20. dxe5 Qe7 21. g5
Rf7 22. Rh6 Qb4 23. h4 Ng7 24. Qf2 Bd7 25. Rc2 Be8 26. h5 Nxh5 27. Be2 Re7 28.
Qh4 Qe4 29. Kh2 Qxe3 30. Bxh5 gxh5 31. g6 hxg6 32. Rg2 Rg7 33. Qg5 Qc5 34. Nc2
Qe7 35. Qg3 Rh7 36. Rxh7 Kxh7 37. Nd4 c5 38. Nf3 d4 39. Ng5+ Kh8 40. Qb3 Rc8
41. Rc2 b5 42. Qxe6 Qxe6 43. Nxe6 d3  0-1

[Event "M.Chigorin Memorial 2017 "]
[Site "?????-?????????"]
[Date "2017.10.22"]
[Round "2"]
[Board "79"]
[White "Shilnikov, Igor S."]
[Black "Schekachikhin, Maksim"]
[Result "0-1"]
[WhiteElo "1762"]
[BlackElo "2348"]
[PlyCount "67"]
[EventDate "2017.10.21"]
[EventRounds "9"]
[EventCountry "RUS"]

1. d4 g6 2. Nf3 Bg7 3. c4 Nf6 4. Nc3 d6 5. e4 O-O 6. Be2 e5 7. O-O exd4 8. Nxd4
Re8 9. f3 c6 10. Kh1 Nbd7 11. Be3 a6 12. Qd2 Qe7 13. Rad1 d5 14. cxd5 cxd5 15.
Bg5 dxe4 16. f4 h6 17. Bh4 b5 18. a4 bxa4 19. Nd5 Qd6 20. Ne3 Bb7 21. Nc4 Qd5
22. Ne3 Qd6 23. Nc4 Qe7 24. Na5 e3 25. Qe1 Be4 26. Rc1 Qd6 27. Rd1 Qb6 28. Nc4
Qb8 29. Kg1 Nd5 30. Nc6 Qc7 31. N6a5 Nc5 32. f5 g5 33. Bg3 Nf4 34. Bd3  0-1

[Event "M.Chigorin Memorial 2017 "]
[Site "?????-?????????"]
[Date "2017.10.22"]
[Round "2"]
[Board "80"]
[White "Belenkaya, Dina"]
[Black "Thrish, Karthik"]
[Result "1-0"]
[WhiteElo "2346"]
[BlackElo "1843"]
[PlyCount "65"]
[EventDate "2017.10.21"]
[EventRounds "9"]
[EventCountry "RUS"]

1. e4 Nf6 2. e5 Nd5 3. d4 d6 4. c4 Nb6 5. exd6 exd6 6. Nc3 Be7 7. Bd3 O-O 8.
Nge2 Nc6 9. O-O Nb4 10. Bb1 Bf6 11. Ne4 d5 12. Nxf6+ Qxf6 13. c5 Nd7 14. Qb3 a5
15. a3 Nc6 16. Qxd5 Ne7 17. Qe4 Ng6 18. Nf4 c6 19. Re1 Qd8 20. Nxg6 hxg6 21.
Ba2 Nf6 22. Qh4 Nd5 23. Bg5 Qd7 24. Be7 Nxe7 25. Rxe7 g5 26. Qxg5 Qxd4 27. Rae1
Be6 28. R1xe6 Qxb2 29. Bc4 fxe6 30. Bxe6+ Rf7 31. Bxf7+ Kf8 32. h3 Rd8 33. Bc4
 1-0

[Event "M.Chigorin Memorial 2017 "]
[Site "?????-?????????"]
[Date "2017.10.22"]
[Round "2"]
[Board "81"]
[White "Boruchovsky, Avital"]
[Black "Babazada, Khazar"]
[Result "1/2-1/2"]
[WhiteElo "2565"]
[BlackElo "2090"]
[PlyCount "88"]
[EventDate "2017.10.21"]
[EventRounds "9"]
[EventCountry "RUS"]

1. e4 g6 2. d4 Bg7 3. Nf3 d6 4. c3 Nc6 5. h3 Nf6 6. Bd3 O-O 7. O-O e5 8. Re1 h6
9. Na3 Nd7 10. Nc2 b6 11. Be3 Bb7 12. Qd2 Kh7 13. Rad1 Qe7 14. b4 Rae8 15. b5
Na5 16. Nb4 f5 17. Qc2 exd4 18. Bxd4 fxe4 19. Nc6 Nxc6 20. Bxe4 Nxd4 21. Bxg6+
Kh8 22. cxd4 Ne5 23. dxe5 Bxf3 24. gxf3 Qg5+ 25. Kf1 Rxe5 26. Rxe5 Qxe5 27. Qc4
Rxf3 28. Re1 Qc5 29. Re8+ Rf8 30. Qxc5 bxc5 31. Re7 Bd4 32. Rh7+ Kg8 33. Rxc7
c4 34. Rxc4 Rxf2+ 35. Ke1 Bb6 36. a4 Rb2 37. Rc6 Rb4 38. Rxd6 Rxa4 39. Ke2 Ra2+
40. Kf3 Kg7 41. Bd3 Rf2+ 42. Kg4 Rg2+ 43. Kf3 Rg3+ 44. Kxg3 Bc7  1/2-1/2

[Event "M.Chigorin Memorial 2017 "]
[Site "?????-?????????"]
[Date "2017.10.22"]
[Round "2"]
[Board "82"]
[White "Pshmahov, Osman"]
[Black "Lintchevski, Daniil"]
[Result "0-1"]
[WhiteElo "2095"]
[BlackElo "2560"]
[PlyCount "58"]
[EventDate "2017.10.21"]
[EventRounds "9"]
[EventCountry "RUS"]

1. d4 Nf6 2. c4 b6 3. Nc3 Bb7 4. e3 e6 5. a3 d5 6. Nf3 a6 7. cxd5 exd5 8. Bd3
Bd6 9. O-O O-O 10. Ne5 c5 11. f4 Nc6 12. Ne2 Ne4 13. Qc2 Ne7 14. Nc3 f5 15. g4
Rc8 16. Bxe4 fxe4 17. Qg2 Bxe5 18. dxe5 Ng6 19. Rd1 Nh4 20. Qf2 Nf3+ 21. Kh1
Nxe5 22. Nxe4 d4 23. Qg2 Nxg4 24. Qxg4 Bxe4+ 25. Kg1 Rc6 26. Kf1 Qd5 27. Kf2
Rg6 28. Qh4 Rg2+ 29. Ke1 Rg1+  0-1

[Event "M.Chigorin Memorial 2017 "]
[Site "?????-?????????"]
[Date "2017.10.22"]
[Round "2"]
[Board "83"]
[White "Yeritsyan, Hayk"]
[Black "Timofeev, Artyom"]
[Result "0-1"]
[WhiteElo "2105"]
[BlackElo "2549"]
[PlyCount "68"]
[EventDate "2017.10.21"]
[EventRounds "9"]
[EventCountry "RUS"]

1. d4 Nf6 2. c4 g6 3. Nf3 Bg7 4. g3 d5 5. Bg2 dxc4 6. O-O c6 7. Qc2 b5 8. Ne5
Bb7 9. Rd1 Nd5 10. b3 cxb3 11. Qxb3 O-O 12. Bb2 Nd7 13. a4 Nxe5 14. dxe5 Qb6
15. a5 Qa6 16. e6 Bxb2 17. Qxb2 fxe6 18. Qe5 c5 19. Bh3 Kf7 20. Ra3 Rfd8 21.
Rad3 c4 22. Rd4 Qd6 23. Qg5 Qc7 24. e4 Nf6 25. Qxb5 Bxe4 26. Nc3 Bd3 27. Rf4
Rab8 28. Qg5 Bf5 29. Re1 Bxh3 30. Rxf6+ exf6 31. Qh6 Kg8 32. Qxh3 e5 33. Qh4
Kg7 34. Re4 Rbc8  0-1

[Event "M.Chigorin Memorial 2017 "]
[Site "?????-?????????"]
[Date "2017.10.22"]
[Round "2"]
[Board "84"]
[White "Sarana, Alexey"]
[Black "Gurjevskoy, Denis"]
[Result "1-0"]
[WhiteElo "2543"]
[BlackElo "2089"]
[PlyCount "65"]
[EventDate "2017.10.21"]
[EventRounds "9"]
[EventCountry "RUS"]

1. d4 d5 2. c4 Nc6 3. Nf3 Bg4 4. cxd5 Bxf3 5. gxf3 Qxd5 6. e3 e5 7. Nc3 Bb4 8.
Bd2 Bxc3 9. bxc3 Nf6 10. Be2 O-O 11. Qb3 Qd7 12. O-O a6 13. Kh1 Rfe8 14. Rae1
e4 15. Qc2 Qh3 16. Rg1 Qh4 17. f4 Ne7 18. Rg2 Nf5 19. c4 c6 20. Reg1 g6 21. Bc3
b5 22. Rg5 Nd6 23. d5 h6 24. Rxg6+ fxg6 25. Rxg6+ Kf7 26. Rxf6+ Ke7 27. c5 cxd5
28. cxd6+ Kd7 29. Rg6 h5 30. Bf6 Qh3 31. Qc7+ Ke6 32. Bg5+ Kf5 33. Rf6#  1-0

[Event "M.Chigorin Memorial 2017 "]
[Site "?????-?????????"]
[Date "2017.10.22"]
[Round "2"]
[Board "85"]
[White "Tsydypov, Zhamsaran"]
[Black "Tskhadadze, Anna"]
[Result "1-0"]
[WhiteElo "2529"]
[BlackElo "2073"]
[PlyCount "63"]
[EventDate "2017.10.21"]
[EventRounds "9"]
[EventCountry "RUS"]

1. e4 e6 2. d4 d5 3. Nc3 dxe4 4. Nxe4 Bd7 5. Nf3 Bc6 6. Bd3 Nd7 7. Qe2 Ngf6 8.
Neg5 Be7 9. O-O h6 10. Nxe6 fxe6 11. Bg6+ Kf8 12. c4 Nb6 13. d5 exd5 14. Nd4
Qd7 15. Bf5 Qe8 16. Ne6+ Kg8 17. Nxc7 Qh5 18. g4 Nxg4 19. Bxg4 Qg6 20. Qe6+
Qxe6 21. Bxe6+ Kh7 22. cxd5 Bd7 23. Nxa8 Rxa8 24. Bxd7 Nxd7 25. d6 Bf6 26. Bf4
g5 27. Bg3 h5 28. h3 b6 29. Rac1 Nc5 30. b4 Ne6 31. Rfe1 Nd4 32. Kg2  1-0

[Event "M.Chigorin Memorial 2017 "]
[Site "?????-?????????"]
[Date "2017.10.22"]
[Round "2"]
[Board "86"]
[White "Nechaeva, Marina"]
[Black "Efremov, Vladislav"]
[Result "1-0"]
[WhiteElo "2431"]
[BlackElo "1953"]
[PlyCount "81"]
[EventDate "2017.10.21"]
[EventRounds "9"]
[EventCountry "RUS"]

1. d4 d5 2. c4 e6 3. Nc3 c6 4. e3 Nf6 5. Nf3 Nbd7 6. Bd3 dxc4 7. Bxc4 b5 8. Bd3
a6 9. e4 c5 10. e5 cxd4 11. Nxb5 axb5 12. exf6 gxf6 13. O-O e5 14. Bxb5 Ba6 15.
Nxd4 Bc5 16. Bxa6 Bxd4 17. Bb5 Ke7 18. a4 Nc5 19. Be3 Ne6 20. Qe2 Qb6 21. Rac1
Rac8 22. b3 Rhg8 23. Rxc8 Rxc8 24. Bc4 Rg8 25. Rd1 Qb7 26. g3 Rd8 27. Bxe6 fxe6
28. Qh5 Qxb3 29. Qxh7+ Kd6 30. Rb1 Qxa4 31. Bxd4 exd4 32. Rb6+ Kd5 33. Qb7+ Ke5
34. Qc7+ Ke4 35. Rxe6+ Kf5 36. Qe7 Qa1+ 37. Re1 Qa5 38. Qh7+ Kg5 39. Re4 Qa1+
40. Kg2 f5 41. Qg7+  1-0